عصمت چغتای کے افسانے / (Record no. 171969)

MARC details
000 -LEADER
fixed length control field 00617nam a22001937a 4500
005 - DATE AND TIME OF LATEST TRANSACTION
control field 20200124101053.0
010 ## - LCCN (DPL NO)
LC control number B-209209
020 ## - INTERNATIONAL STANDARD BOOK NUMBER
Terms of availability 200.00
035 ## - SYSTEM CONTROL NUMBER
System control number B-209209
037 ## - SOURCE OF ACQUISITION
Source of stock number/acquisition BPPD/Pub.
082 ## - DEWEY DECIMAL CLASSIFICATION NUMBER
Classification number ک
100 ## - MAIN ENTRY--PERSONAL NAME
Personal name عصمت چغتاي
245 ## - TITLE STATEMENT
Title عصمت چغتای کے افسانے /
Statement of responsibility, etc عصمت چغتاي
246 ## - VARYING FORM OF TITLE
Title proper/short title Ismat Chughtai ke Afsaney (Urdu) /
Remainder of title by Ismat Chughtai
260 ## - PUBLICATION, DISTRIBUTION, ETC. (IMPRINT)
Place of publication, distribution, etc Delhi
Name of publisher, distributor, etc Kitabi Duniya
Date of publication, distribution, etc 2006 ء
270 ## - ADDRESS
Address 1955, Gali Nawab Mirza, Moh. Qabristan, Opp. Anglo Arabic School, Turkman Gate
City Delhi
Postal code 110006
300 ## - PHYSICAL DESCRIPTION
Extent 374p.
Dimensions 22cm(Hb)
942 ## - ADDED ENTRY ELEMENTS (KOHA)
Source of classification or shelving scheme Dewey Decimal Classification
Item type Urdu Bks
Classification part ک
Call number suffix چ غ ت
Holdings
Withdrawn status Lost status Not for loan Collection code Home library Current library Date acquired Source of acquisition Cost, normal purchase price Full call number Barcode Copy number Cost, replacement price Koha item type
      Fiction Central Library Central Library 24/01/2020 BPPD/Ven. 200.00 ک چ غ ت B-209209 1 200.00 Urdu Bks

© Delhi Public Library
Hit Counter
free hit counter